MARC

LEADER 00000nab a2200000 ar4500
001 vtls009154095
003 SK-MaSNL
005 20260305024041.0
008 071029c2007 xo wr|p|||||||000 b|slo
038 |a PPPK 
040 |a PPPKCL  |b slo  |c PPPKCL  |e AACR2 
041 0 |a slo 
044 |a xo  |c SK 
080 |a 72/76:069:061.4  |2 1997 
080 |a 82:929:821.113.4-34  |2 1997 
080 |a 73/76:82-34:061.4  |2 1997 
080 |a 73/76.071.1:061.4  |2 1997 
080 |a 061.4  |2 1997 
245 0 0 |a Témou H. Ch. Andersen  |c [autor] (mna) 
600 1 7 |a Andersen, Hans Christian,  |d 1805-1875  |2 pppkcl  |9 243296 
610 2 7 |a Tatranská galéria (Poprad, Slovensko)  |2 pppkcl  |9 29844 
610 2 7 |a Hry s umením (projekt)  |2 pppkcl  |9 1318228 
611 2 7 |a Hry s umením  |g výstava  |n (12. :  |d 2007 :  |c Poprad, Slovensko)  |p Sen a Andersen  |2 pppkcl  |9 1602431 
611 2 7 |a Sen a Andersen  |d (2007 :  |c Poprad, Slovensko)  |2 pppkcl  |9 1602432 
648 7 |a 2007  |2 pppkcl  |9 313226 
650 0 7 |a dánski spisovatelia  |2 pppkcl  |9 69697 
650 0 7 |a výtvarné umenie  |x rozprávky  |x výstavy  |2 pppkcl  |9 1602507 
650 0 7 |a výtvarníci  |2 pppkcl  |9 118705 
650 0 7 |a výstavy  |2 pppkcl  |9 2780 
651 7 |a Poprad (Slovensko)  |2 pppkcl  |9 20155 
773 0 |t Podtatranské noviny  |g Roč. XLVIII, č. 20 (2007), s. 1 
852 |a PPPK  |b KIS3GCP 
999 |c 3300530  |d 3302460